| 000 | 00000nam##2200000za#4500 |
| 001 | 9.681107 |
| 003 | CaOODSP |
| 005 | 20200401053715 |
| 007 | ta |
| 008 | 150407|2000||||xxc||||| f|0| 0 fre|d |
| 020 | |a0-662-84648-6 |
| 040 | |aCaOODSP|bfre |
| 043 | |an-cn--- |
| 086 | 1 |aM92-186/2000F |
| 110 | 1 |aCanada.|bRessources naturelles Canada. |bDirection des ressources énergétiques. |
| 245 | 10|aLes petites installations de chauffage à la biomasse: guide de l'acheteur / |cPublié par la Division de l'énergie renouvelable et électrique. |
| 260 | |aOttawa - Ontario : |bRessources naturelles Canada. |c2000. |
| 300 | |a54p. : |bfigures, ill., tableaux ; |c28 cm. |
| 500 | |a«Le but de ce guide est de présenter une approche pratique pour la planification, l'acquisition et l'exploitation d'une installation de chauffage à la biomasse. Il met en lumière des points dont l'acheteur devrait tenir compte avant de consulter des experts en chauffage.»--Avant-propos. |
| 520 | 3 |aLe but de ce guide est de présenter une approche pratique pour la planification, l'acquisition et l'exploitation d'une installation de chauffage à la biomasse. Il met en lumière des points dont l'acheteur devrait tenir compte avant de consulter des experts en chauffage.--Avant-propos |
| 563 | |aCouverture souple |
| 590 | |a01-30|b2001-07-27 |
| 691 | 07|aBiomasse|2gcpds |
| 691 | 07|aDisponibilités énergétiques|2gcpds |
| 691 | 07|aRendement énergétique|2gcpds |
| 691 | 07|aChauffage|2gcpds |
| 775 | 08|tBuyer's guide to small commercial Biomass Combustion Systems / |w(CaOODSP)9.647721 |
| 776 | 0#|tLes petites installations de chauffage à la biomasse : |w(CaOODSP)9.639570 |